Central Library OPAC University of Rajshahi

বৈষ্ণেবেতর বাংলা কাব্যে বৈষ্ণব প্রভাব / (Record no. 8167)

MARC details
000 -LEADER
fixed length control field 01004nam a2200241 a 4500
001 - CONTROL NUMBER
control field 8167
003 - CONTROL NUMBER IDENTIFIER
rucl marc code BD-RjUL
005 - DATE AND TIME OF LATEST TRANSACTION
control field 20211208234533.0
008 - FIXED-LENGTH DATA ELEMENTS--GENERAL INFORMATION
fixed length control field 160813s2004 ii |||| b||| 000 0 ben d
020 ## - INTERNATIONAL STANDARD BOOK NUMBER
International Standard Book Number 8129502429
Terms of availability : TK 125.00
035 ## - SYSTEM CONTROL NUMBER
System control number (BD-RjUL)8212
040 ## - CATALOGING SOURCE
Original cataloging agency BD-RjUL
Language of cataloging ben
Transcribing agency BD-RjUL
041 ## - LANGUAGE CODE
Language code of text/sound track or separate title ben
082 ## - DEWEY DECIMAL CLASSIFICATION NUMBER
Edition number 23
Classification number 891.44109
Author mark and year SAB 2004
100 1# - MAIN ENTRY--PERSONAL NAME
Personal name সরকার, দিগ্বিজয় দে
9 (RLIN) 146216
245 10 - TITLE STATEMENT
Title বৈষ্ণেবেতর বাংলা কাব্যে বৈষ্ণব প্রভাব /
Statement of responsibility, etc. দিগ্বিজয় দে সরকার
260 ## - PUBLICATION, DISTRIBUTION, ETC. (IMPRINT)
Place of publication, distribution, etc. কলকাতা :
Name of publisher, distributor, etc. দে'জ পাবলিশিং,
Date of publication, distribution, etc. ২০০৪.
300 ## - PHYSICAL DESCRIPTION
Pagination [৬], ২১৬ পৃ. ;
Size ২২ সেমি.
504 ## - BIBLIOGRAPHY, ETC. NOTE
Bibliography, etc সংযুক্ত গ্রন্থপঞ্জি
650 ## - SUBJECT ADDED ENTRY--TOPICAL TERM
Topical term or geographic name as entry element বাংলা সাহিত্য - কবিতা
Source of heading or term ইতিহাস
9 (RLIN) 146217
Topical term or geographic name as entry element Bangali Literature--Poetry
Form subdivision History
9 (RLIN) 146218
942 ## - ADDED ENTRY ELEMENTS (KOHA)
Source of classification or shelving scheme Dewey Decimal Classification
Koha item type Books
Holdings
Lost status Source of classification or shelving scheme Damaged status Not for loan Collection code Permanent Location Current Location Shelving location Date acquired Source of acquisition Cost, normal purchase price Total Checkouts Full call number Date last seen Copy number Koha item type Date checked out
  Dewey Decimal Classification     Non-fiction Central Library, University of Rajshahi Central Library, University of Rajshahi   12/05/2008 ঢাকা, প্যারাগন এন্টারপ্রাইজ 125.00   B 891.44109 SAB 2004 18/01/2014 C-2 Books  
  Dewey Decimal Classification     Non-fiction Central Library, University of Rajshahi Central Library, University of Rajshahi   12/05/2008 ঢাকা, প্যারাগন এন্টারপ্রাইজ 125.00   B 891.44109 SAB 2004 13/08/2016 C-3 Books  
  Dewey Decimal Classification     Non-fiction Central Library, University of Rajshahi Central Library, University of Rajshahi   12/05/2008 ঢাকা, প্যারাগন এন্টারপ্রাইজ 125.00   B 891.44109 SAB 2004 13/08/2016 C-4 Books  
  Dewey Decimal Classification     Non-fiction Central Library, University of Rajshahi Central Library, University of Rajshahi   12/05/2008 ঢাকা, প্যারাগন এন্টারপ্রাইজ 125.00 2 B 891.44109 SAB 2004 07/02/2018 C-5 Books 17/10/2017
  Dewey Decimal Classification     Non-fiction Central Library, University of Rajshahi Central Library, University of Rajshahi   12/05/2008 ঢাকা, প্যারাগন এন্টারপ্রাইজ 125.00 3 B 891.44109 SAB 2004 13/03/2024 C-6 Books 27/02/2024